<?xml version="1.0" encoding="UTF-8"?>
<marc:record xmlns:marc="http://www.loc.gov/MARC21/slim">
   <marc:leader>00000nam a2200000 a 4500</marc:leader>
   <marc:datafield ind1="1" ind2=" " tag="100">
      <marc:subfield code="a">Till, Jochen</marc:subfield>
      <marc:subfield code="4">aut</marc:subfield>
      <marc:subfield code="e">Verfasser/-in</marc:subfield>
   </marc:datafield>
   <marc:datafield ind1=" " ind2=" " tag="653">
      <marc:subfield code="a">Kinderbücher bis 11 Jahre</marc:subfield>
   </marc:datafield>
   <marc:datafield ind1=" " ind2=" " tag="653">
      <marc:subfield code="a">(Lesealter)ab 10 Jahre</marc:subfield>
   </marc:datafield>
   <marc:datafield ind1=" " ind2=" " tag="653">
      <marc:subfield code="a">Geschenk 10 Jahre Jahren Jährige Junge Jungen Jung</marc:subfield>
   </marc:datafield>
   <marc:datafield ind1=" " ind2=" " tag="653">
      <marc:subfield code="a">Cornibus Luzifer junior Lilly Aaron Gustav Luzifer</marc:subfield>
   </marc:datafield>
   <marc:datafield ind1=" " ind2=" " tag="653">
      <marc:subfield code="a">Bücher wie Tom Gates</marc:subfield>
   </marc:datafield>
   <marc:datafield ind1=" " ind2=" " tag="653">
      <marc:subfield code="a">Bücher wie Gregs Tagebuch</marc:subfield>
   </marc:datafield>
   <marc:datafield ind1=" " ind2=" " tag="653">
      <marc:subfield code="a">Bücher wie Bitte nicht öffnen bissig</marc:subfield>
   </marc:datafield>
   <marc:datafield ind1=" " ind2=" " tag="653">
      <marc:subfield code="a">Jochen Till Bücher</marc:subfield>
   </marc:datafield>
   <marc:datafield ind1=" " ind2=" " tag="653">
      <marc:subfield code="a">Kinderbuch Kinderbücher ab zehn 10 Jahren Jahre Jä</marc:subfield>
   </marc:datafield>
   <marc:datafield ind1=" " ind2=" " tag="653">
      <marc:subfield code="a">Kinderbuch Kinderbücher Teufel Hölle</marc:subfield>
   </marc:datafield>
   <marc:datafield ind1=" " ind2=" " tag="653">
      <marc:subfield code="a">Lesemuffel</marc:subfield>
   </marc:datafield>
   <marc:datafield ind1=" " ind2=" " tag="653">
      <marc:subfield code="a">Raimund Frey Illustrator</marc:subfield>
   </marc:datafield>
   <marc:datafield ind1=" " ind2=" " tag="653">
      <marc:subfield code="a">Witzige lustige amüsante Bücher Kinderbücher</marc:subfield>
   </marc:datafield>
   <marc:datafield ind1="0" ind2="0" tag="245">
      <marc:subfield code="a">Luzifer junior - Fiese schöne Welt</marc:subfield>
   </marc:datafield>
   <marc:datafield ind1="0" ind2="0" tag="245">
      <marc:subfield code="c">Till, Jochen</marc:subfield>
   </marc:datafield>
   <marc:datafield ind1=" " ind2="1" tag="264">
      <marc:subfield code="a">Bindlach</marc:subfield>
      <marc:subfield code="b">Loewe</marc:subfield>
      <marc:subfield code="c">2020</marc:subfield>
   </marc:datafield>
   <marc:datafield ind1="1" ind2=" " tag="490">
      <marc:subfield code="a">Luzifer junior</marc:subfield>
      <marc:subfield code="v">7</marc:subfield>
   </marc:datafield>
   <marc:datafield ind1="1" ind2=" " tag="520">
      <marc:subfield code="a">Angaben aus der Verlagsmeldung &#xD;
&#xD;
 &#xD;
&#xD;
  Luzifer junior - Fiese schöne Welt / von Jochen Till &#xD;
&#xD;
 &#xD;
Oma nimmt Luzifer junior und seine Freunde mit auf einen Ausflug in ihr großartiges Paralleluniversum. Dort ist alles genauso wie zu Hause, nur viel besser! Sogar die Schule ist ein Traum! Frühstück im Garten mit Schokocroissants, so viel man will  und der Unterricht ist freiwillig! Aber als Aaron plötzlich spurlos verschwindet ist klar: Irgendetwas stimmt nicht in Omas Universum  &#xD;
&#xD;
&#xD;
&#xD;
&#xD;
 Luzifer junior&#xD;
  lebt als Sohn des Teufels in der Hölle und soll den Laden einmal übernehmen. Da sein Vater der Meinung ist, dass Junior für den Job noch viel zu lieb ist, schickt er ihn auf die Erde. Denn wo kann man das Bösesein besser lernen als bei den Menschen? &#xD;
&#xD;
&#xD;
&#xD;
Ein Teufel in der Schule  der Comic-Roman von &#xD;
 Jochen Till&#xD;
  um den Höllensohn Luzifer bietet Lesespaß und viel Grund zum lauthals lachen für Mädchen und Jungen ab 10 Jahren. Zahlreiche humorvolle Bilder von &#xD;
 Raimund Frey&#xD;
  illustrieren Luzifers Abenteuer in der Hölle und im strengen Jungeninternat. Wer Gregs Tagebuch mag, wird Luzifer junior lieben! &#xD;
&#xD;
&#xD;
&#xD;
Mehr Infos zum Buch unter www.luzifer-junior.de. &#xD;
&#xD;
&#xD;
&#xD;
Die komplette &#xD;
 Luzifer junior&#xD;
 -Reihe ist bei Antolin gelistet.</marc:subfield>
   </marc:datafield>
   <marc:datafield ind1=" " ind2=" " tag="020">
      <marc:subfield code="a">9783743204898</marc:subfield>
      <marc:subfield code="9">9783743204898</marc:subfield>
   </marc:datafield>
   <marc:datafield ind1=" " ind2=" " tag="020">
      <marc:subfield code="a">3743204894</marc:subfield>
      <marc:subfield code="9">3743204894</marc:subfield>
   </marc:datafield>
   <marc:datafield ind1=" " ind2=" " tag="041">
      <marc:subfield code="a">ger</marc:subfield>
   </marc:datafield>
   <marc:datafield ind1="0" ind2=" " tag="490">
      <marc:subfield code="v">7</marc:subfield>
   </marc:datafield>
   <marc:datafield ind1=" " ind2=" " tag="338">
      <marc:subfield code="a">Band</marc:subfield>
   </marc:datafield>
   <marc:datafield ind1=" " ind2=" " tag="300">
      <marc:subfield code="a">208 Seiten</marc:subfield>
   </marc:datafield>
</marc:record>
